000 00473nam a22001937a 4500
003 MPLRDC
005 20220104143953.0
008 210129b ||||| |||| 00| 0 eng d
020 _a957-583-687-1
082 _a141.28 NF
100 _a南风
245 _a苏格拉底
_c
250 _a初版
260 _a
_b晨星
_c1998
300 _b
490 _a劲草丛书. 67 圣哲四传. 3
650 _a希腊哲学第二期--苏格拉底
942 _cBK
_o141.28 NF
999 _c45136
_d45126